|
|
|
|
| LEADER |
01504nam a2200337 a 4500 |
| 001 |
25278 |
| 003 |
BD-DhAAL |
| 008 |
120524r20102009cau b 001 0 eng d |
| 999 |
|
|
|c 12258
|d 12258
|
| 010 |
|
|
|a 2009031291
|
| 020 |
|
|
|a 9789351502395
|
| 020 |
|
|
|a 9788132101482 (hbk.)
|
| 020 |
|
|
|a 8132101480 (hbk.)
|
| 040 |
|
|
|a DLC
|c DLC
|d BTCTA
|d YDXCP
|d UKM
|d C#P
|d BWX
|d DLC
|d BD-DhAAL
|
| 082 |
0 |
0 |
|a 363.348082
|2 22
|
| 245 |
0 |
0 |
|a Women, gender and disaster :
|b global issues and initiatives /
|c edited by Elaine Enarson, P.G. Dhar Chakrabarti.
|
| 260 |
|
|
|a Los Angeles :
|b Sage,
|c c2009 [second printing 2010].
|
| 300 |
|
|
|a xviii, 380 pages ;
|c 23 cm.
|
| 504 |
|
|
|a Includes bibliographical references and index.
|
| 526 |
|
|
|a PPDM, ARC
|
| 541 |
1 |
|
|a Karim International
|e 25278, 38952
|
| 650 |
|
0 |
|a Disasters
|x Social aspects.
|9 49492
|
| 650 |
|
0 |
|a Emergency management.
|9 49493
|
| 650 |
|
0 |
|a Women
|x Social conditions.
|9 49494
|
| 650 |
|
0 |
|a Sex role.
|9 49495
|
| 700 |
1 |
|
|a Enarson, Elaine Pitt,
|d 1949-
|9 49496
|
| 700 |
1 |
|
|a Dhar Chakrabarti, P. G.
|9 49497
|
| 852 |
1 |
|
|a Ayesha Abed Library
|c General Stacks
|
| 942 |
|
|
|2 ddc
|c BK
|
| 952 |
|
|
|0 0
|1 0
|4 0
|6 363_348082000000000_WOM
|7 0
|9 20300
|a BRACUL
|b BRACUL
|c GEN
|d 2012-05-24
|e Karim International
|g 1105.00
|l 5
|m 3
|o 363.348082 WOM
|p 3010025278
|r 2018-11-07
|s 2018-09-26
|t 1
|w 2012-05-24
|y BK
|
| 952 |
|
|
|0 0
|1 0
|2 ddc
|4 0
|6 363_348082000000000_WOM
|7 0
|9 70918
|a BRACUL
|b BRACUL
|c GEN
|d 2022-06-15
|e Karim International
|g 2520.00
|l 0
|o 363.348082 WOM
|p 3010038952
|r 2022-06-15
|t 2
|v 2520.00
|w 2022-06-15
|y BK
|